<?xml version="1.0" encoding="UTF-8"?>
<record
    xmlns:xsi="http://www.w3.org/2001/XMLSchema-instance"
    xsi:schemaLocation="http://www.loc.gov/MARC21/slim http://www.loc.gov/standards/marcxml/schema/MARC21slim.xsd"
    xmlns="http://www.loc.gov/MARC21/slim">

  <leader>02574    a2200229   4500</leader>
  <controlfield tag="001">25055</controlfield>
  <controlfield tag="005">20260407155534.0</controlfield>
  <controlfield tag="008">260407a2006    arg                 spa d</controlfield>
  <controlfield tag="003">AR-UNSa-BCEJYS</controlfield>
  <datafield tag="040" ind1=" " ind2=" ">
    <subfield code="a">AR-UNSa-BCEJYS</subfield>
    <subfield code="b">spa</subfield>
    <subfield code="c">AR-UNSa-BCEJYS</subfield>
  </datafield>
  <datafield tag="080" ind1=" " ind2=" ">
    <subfield code="a">347.72</subfield>
    <subfield code="x">Sociedades comerciales</subfield>
  </datafield>
  <datafield tag="245" ind1="1" ind2="0">
    <subfield code="a">Curso de derecho societario</subfield>
  </datafield>
  <datafield tag="020" ind1=" " ind2=" ">
    <subfield code="a">978-950-894-576-7</subfield>
  </datafield>
  <datafield tag="250" ind1=" " ind2=" ">
    <subfield code="a">2a. ed.</subfield>
  </datafield>
  <datafield tag="264" ind1=" " ind2="1">
    <subfield code="a">Buenos Aires :</subfield>
    <subfield code="b">AD-HOC</subfield>
    <subfield code="c">2006</subfield>
  </datafield>
  <datafield tag="300" ind1=" " ind2=" ">
    <subfield code="a">620 p.</subfield>
    <subfield code="c">23 cm.</subfield>
  </datafield>
  <datafield tag="505" ind1=" " ind2=" ">
    <subfield code="a">1. Historia del derecho societario: sus actuales tendencias - 2. El contrato de sociedad comercial. Naturaleza de su acto constitutivo y elementos del contrato de sociedad - 3. Comercialidad de las sociedades. Diferencia con otros contratos asociativos. Clasificaci&#xF3;n de las sociedades - 4. Requisitos espec&#xED;ficos del contrato de sociedad comercial - 5. La personalidad jur&#xED;dica de las sociedades comerciales - 6. Formas de constituci&#xF3;n. Publicidad y registraci&#xF3;n de sociedades comerciales - 7. El procedimiento societario - 8. R&#xE9;gimen de nulidad de las sociedades comerciales - 9. Irregularidad societaria - 10. Derechos y obligaciones de los socios - 11. Administraci&#xF3;n y representaci&#xF3;n de las sociedades comerciales - 12. De la documentaci&#xF3;n y de la contabilidad - 13. Reorganizaci&#xF3;n de sociedades. Transformaci&#xF3;n, fusi&#xF3;n y escisi&#xF3;n - 14. Resoluci&#xF3;n parcial. Disoluci&#xF3;n y liquidaci&#xF3;n de sociedades - 15. Intervenci&#xF3;n judicial de sociedades comerciales - 16. Sociedades extranjeras - 17. Sociedades personalistas - 18. Sociedades personalistas. La sociedad civil - 19. Sociedades de responsabilidad limitada - 20. Sociedades an&#xF3;nimas. Constituci&#xF3;n - 21. Sociedades An&#xF3;nimas. El capital social - 22. Sociedad an&#xF3;nima, acciones, bonos debentures y obligaciones negociables - 23. Las asambleas de las sociedades an&#xF3;nimas - 24. El directorio - 25. El &#xF3;rgano de fiscalizaci&#xF3;n de las sociedades an&#xF3;nimas. El consejo de vigilancia y la sindicatura. La fiscalizaci&#xF3;n externa - 26. Sociedades an&#xF3;nimas con participaci&#xF3;n estatal mayoritaria y sociedades de econom&#xED;a mixta - 27. Las sociedades coorperativas - 28. Las sociedades de garant&#xED;a rec&#xED;proca - 29. Sociedades en comandita por acciones - 30. Los contratos de colaboraci&#xF3;n empresaria - 31. Breves reflexiones sobre las recientes resoluciones de la Inspecci&#xF3;n General de Justicia</subfield>
  </datafield>
  <datafield tag="942" ind1=" " ind2=" ">
    <subfield code="c">BK</subfield>
  </datafield>
  <datafield tag="590" ind1=" " ind2=" ">
    <subfield code="a">niveau_biblio:m niveau_hierar:0</subfield>
  </datafield>
  <datafield tag="100" ind1="1" ind2=" ">
    <subfield code="a">Nissen, Ricardo Augusto</subfield>
  </datafield>
  <datafield tag="856" ind1="4" ind2="1">
    <subfield code="u">https://biblioeco.unsa.edu.ar/pmb/images/libros/Curso de Derecho Societario (2014).jpg</subfield>
    <subfield code="y">Imagen de portada</subfield>
    <subfield code="q">image/jpeg</subfield>
  </datafield>
  <datafield tag="999" ind1=" " ind2=" ">
    <subfield code="c">1281</subfield>
    <subfield code="d">1281</subfield>
  </datafield>
  <datafield tag="952" ind1=" " ind2=" ">
    <subfield code="0">0</subfield>
    <subfield code="1">0</subfield>
    <subfield code="4">0</subfield>
    <subfield code="7">0</subfield>
    <subfield code="a">BCEJYS</subfield>
    <subfield code="b">BCEJYS</subfield>
    <subfield code="c">16</subfield>
    <subfield code="d">2026-04-07</subfield>
    <subfield code="l">0</subfield>
    <subfield code="o">347.72 N726u 2ed.</subfield>
    <subfield code="p">L119800</subfield>
    <subfield code="r">2026-04-07 15:55:34</subfield>
    <subfield code="w">2026-04-07</subfield>
    <subfield code="y">L</subfield>
  </datafield>
  <datafield tag="952" ind1=" " ind2=" ">
    <subfield code="0">0</subfield>
    <subfield code="1">0</subfield>
    <subfield code="4">0</subfield>
    <subfield code="7">0</subfield>
    <subfield code="a">BCEJYS</subfield>
    <subfield code="b">BCEJYS</subfield>
    <subfield code="c">16</subfield>
    <subfield code="d">2026-04-07</subfield>
    <subfield code="l">0</subfield>
    <subfield code="o">347.72 N726u 2ed.</subfield>
    <subfield code="p">L119801</subfield>
    <subfield code="r">2026-04-07 15:55:34</subfield>
    <subfield code="w">2026-04-07</subfield>
    <subfield code="y">L</subfield>
  </datafield>
  <datafield tag="952" ind1=" " ind2=" ">
    <subfield code="0">0</subfield>
    <subfield code="1">0</subfield>
    <subfield code="4">0</subfield>
    <subfield code="7">0</subfield>
    <subfield code="a">BCEJYS</subfield>
    <subfield code="b">BCEJYS</subfield>
    <subfield code="c">16</subfield>
    <subfield code="d">2026-04-07</subfield>
    <subfield code="l">0</subfield>
    <subfield code="o">347.72 N726u 2ed.</subfield>
    <subfield code="p">L119802</subfield>
    <subfield code="r">2026-04-07 15:55:34</subfield>
    <subfield code="w">2026-04-07</subfield>
    <subfield code="y">L</subfield>
  </datafield>
  <datafield tag="952" ind1=" " ind2=" ">
    <subfield code="0">0</subfield>
    <subfield code="1">0</subfield>
    <subfield code="4">0</subfield>
    <subfield code="7">0</subfield>
    <subfield code="a">BCEJYS</subfield>
    <subfield code="b">BCEJYS</subfield>
    <subfield code="c">16</subfield>
    <subfield code="d">2026-04-07</subfield>
    <subfield code="l">0</subfield>
    <subfield code="o">347.72 N726u 2ed.</subfield>
    <subfield code="p">L119803</subfield>
    <subfield code="r">2026-04-07 15:55:34</subfield>
    <subfield code="w">2026-04-07</subfield>
    <subfield code="y">L</subfield>
  </datafield>
  <datafield tag="952" ind1=" " ind2=" ">
    <subfield code="0">0</subfield>
    <subfield code="1">0</subfield>
    <subfield code="4">0</subfield>
    <subfield code="7">0</subfield>
    <subfield code="a">BCEJYS</subfield>
    <subfield code="b">BCEJYS</subfield>
    <subfield code="c">16</subfield>
    <subfield code="d">2026-04-07</subfield>
    <subfield code="l">0</subfield>
    <subfield code="o">347.72 N726u 2ed.</subfield>
    <subfield code="p">L119804</subfield>
    <subfield code="r">2026-04-07 15:55:34</subfield>
    <subfield code="w">2026-04-07</subfield>
    <subfield code="y">L</subfield>
  </datafield>
</record>
